[Event "xWA Invitational"]
[Site "Redmond"]
[Date "2009.02.14"]
[Round "6"]
[White "Polich Duane"]
[Black "Watts Peter"]
[Result "0-1"]
[WhiteElo "1913"]
[BlackElo "1935"]
[Annotator ""]
[Source ""]
[Remark ""]

1.b3 Nf6 2.Bb2 d5 3.e3 g6 4.c4 Bg7 5.Nf3 O-O 6.Nc3 dxc4 7.Bxc4
c5 8.O-O Nc6 9.Na4 a6 10.Be2 b6 11.d4 Ne4 12.Qc1 Bb7 13.Rd1 cxd4
14.Nxd4 Qc7 15.Bf3 Nc5 16.Nxc5 Nxd4 17.Bxd4 Bxf3 18.gxf3 e5 19.Bb2
bxc5 20.Rd5 Rac8 21.Qc4 Rfd8 22.Rad1 Rxd5 23.Rxd5 Qc6 24.Ba3
Qf6 25.Rxc5 Rxc5 26.Qxc5 h6 27.Bb2 Qf5 28.Kg2 h5 29.e4 Qg5+ 30.Kh1
Qf4 31.Qe3 Qh4 32.Bc1 Bf6 33.f4 Qg4 34.f3 Qh3 35.Qf2 Bh4 36.Qg2
Qd7 37.Qg1 {start of reconstruction} Bf6 38.fxe5 Bxe5 39.f4 Bf6
40.Qe3 Qd1+ 41.Kg2 Qc2+ 42.Kf3 {position after TC} Qxa2 43.e5
Be7 44.Bd2 Qb1 45.Ke2 Qh1 46.h3 Qg2+ 47.Kd1 Qd5 48.Kc2 Qc6+ 49.Qc3
Qg2 50.Kc1 Bh4 51.Qc8+ Kg7 52.Bb4 Qh1+ 53.Kc2 Qe4+ 54.Kb2 Qxb4
55.Qxa6 Qxf4 56.Qd6 Bg3 57.b4 Qxe5+ 58.Qxe5+ Bxe5+ 59.Kb3 g5
60.Kc4 g4 61.hxg4 hxg4 62.Kd5 Bb8 63.Ke4 f5+ 64.Kxf5 g3 65.Ke6
g2 66.Kd7 g1Q 67.Kc8 Qa7 68.Kd8 Kf7 69.b5 0-1

[Event "xWA Invitational"]
[Site "Redmond"]
[Date "2009.02.14"]
[Round "6"]
[White "Wang Michael"]
[Black "Mathews Dan"]
[Result "1-0"]
[WhiteElo "1932"]
[BlackElo "1839"]
[Annotator ""]
[Source ""]
[Remark ""]

1.c4 e5 2.Nc3 Nf6 3.g3 g6 4.Bg2 Bg7 5.d3 O-O 6.e4 Nc6 7.Nge2
d6 8.O-O Be6 9.h3 Qd7 10.Kh2 Ne7 11.Nd5 Bxd5 12.cxd5 c6 13.dxc6
bxc6 14.f4 exf4 15.gxf4 d5 16.Qc2 Rac8 17.Be3 Ne8 18.Bc5 Nd6
19.Ng3 f5 20.e5 Nf7 21.e6 Qxe6 22.Rae1 Ne5 23.d4 h6 24.dxe5 g5
25.Bxe7 Qxe7 26.Nxf5 Rxf5 27.Qxf5 Rf8 28.Qg6 Kh8 29.Qd6 Qxd6
30.exd6 Rd8 31.Re6 gxf4 32.Rxf4 Bxb2 33.Rf7 Ba3 34.d7 1-0

[Event "xWA Invitational"]
[Site "Redmond"]
[Date "2009.02.15"]
[Round "7"]
[White "Pazderic Nick"]
[Black "Polich Duane"]
[Result "0-1"]
[WhiteElo "1856"]
[BlackElo "1913"]
[Annotator ""]
[Source ""]
[Remark ""]

1.e4 e6 2.Nc3 c6 3.d4 d5 4.e5 c5 5.dxc5 Bxc5 6.Qg4 g6 7.Bg5 Qb6
8.O-O-O Bd7 9.Bd3 Nc6 10.f4 Nce7 11.Nge2 Be3+ 12.Kb1 Rc8 13.Qf3
Bc5 14.g4 Ba3 15.Nb5 Bxb5 16.Bxb5+ Qxb5 17.Qxa3 Qxe2 18.Bf6 Nxf6
19.exf6 Qxc2+ 20.Ka1 Qc5 21.Qh3 Nc6 22.Rc1 Qd4 23.g5 Qxf4 24.Qa3
Kd7 25.h4 Nb4 26.Qa4+ Kd6 27.Qd1 Rxc1+ 28.Qxc1 Qxc1+ 29.Rxc1
Nd3 0-1

[Event "xWA Invitational"]
[Site "Redmond"]
[Date "2009.02.15"]
[Round "7"]
[White "Watts Peter"]
[Black "Kolde Sterling"]
[Result "1-0"]
[WhiteElo "1935"]
[BlackElo "1822"]
[Annotator ""]
[Source ""]
[Remark ""]

1.c4 e5 2.Nc3 Nc6 3.g3 f5 4.Bg2 Nf6 5.e3 d5 6.cxd5 Nb4 7.d3 c6
8.a3 Nbxd5 9.Nge2 Bd6 10.O-O O-O 11.e4 Ne7 12.Qb3+ Kh8 13.Rd1
f4 14.d4 exd4 15.Rxd4 fxg3 16.Bf4 gxh2+ 17.Kh1 Ned5 18.exd5 c5
19.Bxd6 Qxd6 20.Rf4 Bd7 21.f3 g5 22.Ne4 Qe7 23.Rxf6 Rxf6 24.Qc3
Kg7 25.N2g3 b6 26.Qxf6+ 1-0

[Event "xWA Invitational"]
[Site "Redmond"]
[Date "2009.02.15"]
[Round "7"]
[White "Chang Eddie"]
[Black "Wang Michael"]
[Result "0-1"]
[WhiteElo "1832"]
[BlackElo "1932"]
[Annotator ""]
[Source ""]
[Remark ""]

1.f4 d5 2.Nf3 c5 3.e3 g6 4.Nc3 Bg7 5.b3 d4 6.exd4 cxd4 7.Ne4
d3 8.Rb1 dxc2 9.Qxc2 Nc6 10.Bb5 Bd7 11.O-O Nd4 12.Bxd7+ Qxd7
13.Qd3 Nxf3+ 14.Qxf3 Nh6 15.Kh1 Rc8 16.Bb2 O-O 17.Bxg7 Kxg7 18.Rfd1
Nf5 19.a4 Rfd8 20.Ng3 Nxg3+ 21.Qxg3 Qf5 22.d4 Rxd4 23.Qe3 Rcd8
24.Rf1 Qxb1 25.Rxb1 Rd1+ 26.Qg1 Rxg1+ 27.Kxg1 Rd2 28.a5 Kf6 29.b4
Ke6 30.b5 Ra2 31.a6 bxa6 32.bxa6 Rxa6 33.Rb7 Ra2 34.h3 Kf6 35.g3
a5 36.Ra7 a4 37.g4 a3 38.Ra6+ Kg7 39.Ra7 Ra1+ 40.Kg2 a2 41.Kh2
e6 42.Kg2 Kf8 43.Kh2 Ke8 0-1

[Event "xWA Invitational"]
[Site "Redmond"]
[Date "2009.02.15"]
[Round "7"]
[White "Prentice Greg"]
[Black "Mathews Dan"]
[Result "1-0"]
[WhiteElo "1799"]
[BlackElo "1839"]
[Annotator ""]
[Source ""]
[Remark ""]

1.Nf3 d5 2.d4 g6 3.c4 c6 4.Nc3 Bg7 5.e3 Nf6 6.h3 O-O 7.Bd2 Bf5
8.Qb3 b6 9.Be2 dxc4 10.Bxc4 Ne4 11.O-O b5 12.Be2 a5 13.Nxe4 Bxe4
14.Rac1 Bd5 15.Qc2 f5 16.Ne5 Bxe5 17.dxe5 e6 18.b3 Nd7 19.Qb2
Qg5 20.e4 f4 21.exd5 Nxe5 22.dxc6 Qf5 23.f3 h5 24.c7 g5 25.Bc3
g4 26.fxg4 hxg4 27.Bxe5 gxh3 28.Rxf4 h2+ 29.Kh1 1-0

[Event "xWA Invitational"]
[Site "Redmond"]
[Date "2009.02.15"]
[Round "8"]
[White "Mathews Dan"]
[Black "Kalina Chris"]
[Result "0-1"]
[WhiteElo "1839"]
[BlackElo "1945"]
[Annotator ""]
[Source ""]
[Remark ""]

1.e4 c5 2.Nf3 d6 3.d4 cxd4 4.Nxd4 Nf6 5.Nc3 g6 6.f3 Bg7 7.Bb5+
Nbd7 8.Be3 O-O 9.h4 a6 10.Bxd7 Bxd7 11.g4 Qa5 12.Qd2 Rfc8 13.h5
Rc4 14.hxg6 fxg6 15.Nb3 Qc7 16.Bh6 Bxh6 17.Rxh6 Rc8 18.g5 Rxc3
19.bxc3 Nh5 20.O-O-O Qxc3 21.Qxc3 Rxc3 22.Rd3 Rc7 23.Kb2 b5 24.Rd4
Kg7 25.c3 Be6 26.Rd2 Bc4 27.Rh2 d5 28.Nd4 dxe4 29.fxe4 e6 30.Nf3
Rc5 31.Rd2 Rxg5 32.Rxh7+ Kxh7 33.Nxg5+ Kh6 34.Nf3 Nf6 35.e5 Ne4
36.Rh2+ Kg7 37.Rh4 Bd5 38.Nd4 g5 39.Nxe6+ Kg6 40.Nxg5 Kxg5 41.Rh7
Kf5 42.Ra7 Nc5 43.Ka3 Kxe5 44.Kb4 Kd6 45.Rh7 Bxa2 46.Rh6+ Be6
47.Rh5 Nb7 48.Rxb5 axb5 49.Kxb5 Nc5 50.c4 Nd3 51.c5+ Nxc5 52.Kb4
Ne4 53.Kb5 Bd5 54.Kb4 Ke5 55.Ka3 Kd4 56.Kb4 Bc4 57.Ka3 Kc3 58.Ka4
Nf6 59.Ka5 Nd5 60.Ka4 Nb6+ 61.Ka5 Nd7 62.Ka4 Bd5 63.Ka5 Bc6 64.Ka6
Kb4 65.Ka7 Kc5 66.Ka6 Nf6 67.Ka5 Nd5 68.Ka6 Bd7 69.Ka5 Kc4 70.Ka6
Kb4 71.Kb7 Kb5 72.Ka7 Bc8 73.Ka8 Kb6 74.Kb8 Bg4 75.Ka8 Nc7+ 76.Kb8
Na6+ 77.Ka8 Bf3# 0-1

[Event "xWA Invitational"]
[Site "Redmond"]
[Date "2009.02.15"]
[Round "8"]
[White "Pazderic Nick"]
[Black "Kolde Sterling"]
[Result "1/2-1/2"]
[WhiteElo "1856"]
[BlackElo "1822"]
[Annotator ""]
[Source ""]
[Remark ""]

1.d4 Nf6 2.c4 e5 3.dxe5 Ne4 4.Nf3 d6 5.g3 Nc6 6.Bg2 Nc5 7.O-O
Nxe5 8.Qc2 g6 9.Nd4 Bg7 10.Rd1 O-O 11.Nc3 Nxc4 12.Nd5 Nb6 1/2-1/2

[Event "xWA Invitational"]
[Site "Redmond"]
[Date "2009.02.15"]
[Round "8"]
[White "Chang Eddie"]
[Black "Watts Peter"]
[Result "1/2-1/2"]
[WhiteElo "1832"]
[BlackElo "1935"]
[Annotator ""]
[Source ""]
[Remark ""]

1.Nf3 d5 2.d4 Nf6 3.c4 e6 4.Nc3 c6 5.Bg5 Be7 6.e3 Nbd7 7.Rc1
O-O 8.Bd3 b6 9.cxd5 exd5 10.O-O Bb7 11.a3 h6 12.Bf4 Nh5 13.Be5
f6 14.Bg3 Nxg3 15.hxg3 f5 16.b4 a5 17.Rb1 g6 18.g4 fxg4 19.Nd2
Nf6 20.Bxg6 axb4 21.axb4 Bc8 22.g3 Kg7 23.Bc2 h5 24.Kg2 h4 25.gxh4
Nh5 26.Ne2 Bxh4 27.Ng3 Qg5 28.Qe2 Bxg3 29.fxg3 Re8 30.Qd3 Nf6
31.Rf4 Ba6 32.Qc3 Nh5 33.Qxc6 Nxf4+ 34.gxf4 Qf6 35.Qxd5 Rad8
36.Qh5 Rxe3 37.Qxg4+ Kf8 38.Ne4 Re2+ 39.Kf3 Qg7 40.Qf5+ Qf7 41.Qxf7+
Kxf7 42.b5 Rxc2 43.bxa6 Rc6 44.a7 Ra8 45.d5 Rh6 46.d6 Rxa7 47.Rxb6
Ra1 48.Rb2 Rh3+ 49.Kg2 Rha3 50.Rd2 R1a2 51.Rxa2 Rxa2+ 52.Kf3
Ke6 53.Ke3 Ra3+ 54.Kd4 Ra4+ 55.Kd3 Rb4 56.Ke3 Kd5 57.d7 Rb8 58.Kf3
Ke6 59.Kg4 Kxd7 60.Kg5 Ke6 61.f5+ Ke5 62.Nf6 Rb5 63.Ng4+ Ke4
64.Nf6+ Kf3 65.Nh5 Ra5 66.Kg6 Kg4 67.Nf6+ Kh4 68.Nh7 Kg4 69.f6
Ra6 70.Kg7 Kf5 71.f7 Ra7 72.Kg8 Rxf7 73.Kxf7 1/2-1/2

[Event "xWA Invitational"]
[Site "Redmond"]
[Date "2009.02.15"]
[Round "8"]
[White "Wang Michael"]
[Black "Prentice Greg"]
[Result "1/2-1/2"]
[WhiteElo "1932"]
[BlackElo "1799"]
[Annotator ""]
[Source ""]
[Remark ""]

1.c4 c5 2.Nc3 Nc6 3.g3 g6 4.Bg2 Bg7 5.d3 d6 6.Rb1 Nf6 7.a3 O-O
8.Bd2 Bg4 9.b4 Qc8 10.Qc1 Re8 11.Bh6 Bh8 12.b5 Nd8 13.h3 Bd7
14.h4 Ng4 15.h5 Nxh6 16.hxg6 fxg6 17.Rxh6 Bg7 18.Rh2 Nf7 19.Nf3
e6 20.Ne4 Qc7 21.Nfg5 Nxg5 22.Nxg5 h6 23.Be4 hxg5 24.Qxg5 d5
25.Bxg6 Qe5 26.Qh4 Qf6 27.Qh5 Red8 28.Rh4 e5 29.f4 e4 30.Bh7+
Kf8 31.Qxd5 b6 32.Qxe4 Re8 33.Qd5 Be6 34.Qd6+ Qe7 35.Qxe7+ Rxe7
36.Be4 Rd8 37.Kf1 Bxc4 38.Bc6 Bd5 39.Bxd5 Rxd5 40.Rb3 Red7 41.Kf2
Bf6 42.Rh1 Rd4 43.Rc1 Kf7 44.Kf3 Kg6 45.Rbc3 R4d5 46.Rb3 Rh7
47.Rc4 Rd4 48.Rxd4 cxd4 49.Rb4 Re7 50.Rc4 Re3+ 51.Kf2 Re7 52.Rc6
Kg7 53.Kf3 Re3+ 54.Kf2 Re7 55.a4 Rd7 56.Kf3 Re7 57.Kf2 Kf7 58.f5
Bg5 59.g4 Bh4+ 60.Kf1 Bf6 1/2-1/2

[Event "xWA Invitational"]
[Site "Redmond"]
[Date "2009.02.16"]
[Round "9"]
[White "Prentice Greg"]
[Black "Kalina Chris"]
[Result "1/2-1/2"]
[WhiteElo "1799"]
[BlackElo "1945"]
[Annotator ""]
[Source ""]
[Remark ""]

1.Nf3 d5 2.d4 Bf5 3.c4 dxc4 4.Nc3 Nf6 5.Qa4+ c6 6.Qxc4 h6 7.g3
e6 8.Bg2 Nbd7 9.b4 Nb6 10.Qb3 Nbd5 11.Nxd5 cxd5 12.O-O Bd6 13.Bd2
O-O 14.b5 Qe7 15.Rfc1 Rfc8 16.a4 1/2-1/2

[Event "xWA Invitational"]
[Site "Redmond"]
[Date "2009.02.16"]
[Round "9"]
[White "Mathews Dan"]
[Black "Polich Duane"]
[Result "1-0"]
[WhiteElo "1839"]
[BlackElo "1913"]
[Annotator ""]
[Source ""]
[Remark ""]

1.Nf3 g6 2.e4 Bg7 3.d4 d6 4.Bc4 c6 5.c3 Qc7 6.Bf4 e5 7.dxe5 dxe5
8.Ng5 exf4 9.Nxf7 Nh6 10.Nxh8 Bxh8 11.Nd2 Nd7 12.Nf3 Ne5 13.Nxe5
Bxe5 14.h4 Bd7 15.Qb3 O-O-O 16.Rd1 Re8 17.f3 b5 18.Be2 Qb6 19.Qc2
Be6 20.b4 Ng8 21.a3 Nf6 22.c4 a6 23.c5 Qc7 24.O-O Nh5 25.Rd2
Qe7 26.Rfd1 Qxh4 27.Rd6 Bxd6 28.Rxd6 Qe1+ 29.Kh2 Ng3 30.Rxc6+
Kb7 31.Rb6+ Ka7 32.Rxa6+ Kxa6 33.Qa4+ Kb7 34.Qxb5+ Kc7 35.Qb6+
Kd7 36.Qd6+ 1-0

[Event "xWA Invitational"]
[Site "Redmond"]
[Date "2009.02.16"]
[Round "9"]
[White "Pazderic Nick"]
[Black "Chang Eddie"]
[Result "1/2-1/2"]
[WhiteElo "1856"]
[BlackElo "1832"]
[Annotator ""]
[Source ""]
[Remark ""]

1.d4 Nf6 2.Bf4 d5 3.Nf3 c5 4.dxc5 Nc6 5.a3 Qa5+ 6.b4 Qd8 7.Nc3
d4 8.Nb5 Nd5 9.Bg3 f6 10.Nfxd4 e5 11.Nb3 Be6 12.e4 Nc7 13.Qxd8+
Kxd8 14.O-O-O+ Kc8 15.Nxc7 Kxc7 16.c4 Be7 17.Kb2 a5 18.b5 a4
19.f4 axb3 20.bxc6 exf4 21.cxb7 Kxb7 22.Bf2 Kc6 23.Be2 Rhb8 24.Bf3
Ra4 25.e5+ Kc7 26.Bd5 Bf5 27.Bd4 Bc2 28.Rd2 Rf8 29.Re1 f5 30.e6
g5 31.Be5+ Kc8 32.Bd6 Bf6+ 33.Be5 Be7 34.Bb7+ Kxb7 35.Rd7+ Ka6
36.Rxe7 Rxc4 37.Rxh7 Re8 38.Bd6 Re4 39.Rxe4 fxe4 40.Rh6 Kb5 41.e7
e3 42.Re6 Kc4 43.h4 gxh4 44.Bxf4 Kxc5 45.Rxe3 Kd4 46.Re1 Be4
47.Bg5 Bxg2 48.Bxh4 Bd5 49.Bf6+ Kc5 50.Bg7 Kd6 51.Bf8 Bf7 52.Rf1
Be6 53.Rd1+ Kc7 54.Rd4 Bf7 55.a4 Kc6 56.Rb4 Kc5 57.Ka3 Bc4 58.Rb7
Kc6 1/2-1/2

[Event "xWA Invitational"]
[Site "Redmond"]
[Date "2009.02.16"]
[Round "9"]
[White "Wang Michael"]
[Black "Watts Peter"]
[Result "0-1"]
[WhiteElo "1932"]
[BlackElo "1935"]
[Annotator ""]
[Source ""]
[Remark ""]

1.c4 e5 2.Nc3 Nf6 3.g3 Bb4 4.Bg2 O-O 5.e4 Bxc3 6.bxc3 c6 7.d4
Qa5 8.Bd2 b6 9.Ne2 Re8 10.dxe5 Qxe5 11.f4 Qc5 12.e5 Ng4 13.Nd4
d6 14.O-O dxe5 15.fxe5 Nxe5 16.Bf4 Nbd7 17.Bxe5 Nxe5 18.h3 Ba6
19.Kh2 Qxc4 20.Rf4 Qxc3 21.Nxc6 Nxc6 22.Rc1 Qe5 23.Bxc6 Rad8
24.Re4 Qxe4 25.Bxe4 Rxd1 26.Rxd1 g6 27.Rd4 Re7 28.Ra4 Bc8 29.h4
a5 30.Kg1 f5 31.Bd3 Re3 32.Bc4+ Be6 33.Kf2 Re4 34.Bxe6+ Rxe6
35.Rd4 Re5 36.a4 Kg7 37.Rd6 Re4 38.Rxb6 Rxa4 39.Ra6 Kh6 40.Kf3
Kh5 41.Ra7 h6 42.Ra6 g5 43.Kf2 gxh4 44.gxh4 Rf4+ 45.Ke3 Re4+
46.Kf3 Ra4 47.Rf6 f4 48.Ra6 Kxh4 49.Rxh6+ Kg5 50.Rh8 Ra3+ 51.Kf2
Kf5 52.Re8 a4 53.Rf8+ Ke4 54.Re8+ Kd4 55.Rf8 f3 56.Rd8+ Kc3 57.Kxf3
Kb2+ 58.Ke2 Rc3 59.Kd1 a3 60.Rd2+ Kb1 61.Rd8 Rc1+ 62.Kd2 Rc2+
63.Kd1 a2 64.Ra8 Rb2 0-1